Exposición

Wedi'i Gadw mewn:
Manylion Llyfryddiaeth
Prif Awdur: Torres Rivas, Edelberto
Fformat: Texto
Cyhoeddwyd: s.l.: s.e.
Tagiau: Ychwanegu Tag
Dim Tagiau, Byddwch y cyntaf i dagio'r cofnod hwn!

MARC

LEADER 00000 a a2200000 04500
001 21760
003
040
090 |a 097500  
100 |a Torres Rivas, Edelberto  
245 |a Exposición  
260 |a s.l.:   |b s.e.  
300 |a 8 p.  
999 |c 15925  |d 15925